Países mais próximos a Myanmar - um minuto corrida - Statistics

Estatísticas Gerais
  • Esse quiz foi jogado 31 vezes
  • A pontuação média é 14 de 20
Estatísticas das Respostas
km país % Correto
0 China
100%
0 Índia
88%
0 Tailândia
88%
126 Vietname
88%
0 Bangladesh
85%
297 Butão
85%
324 Camboja
85%
0 Laos
85%
590 Nepal
85%
539 Indonésia
81%
405 Malásia
73%
1109 Singapura
69%
1780 Brunei
62%
2055 Filipinas
62%
1576 Mongólia
62%
1629 Sri Lanka
58%
1767 Taiwan
50%
1994 Paquistão
46%
2179 Cazaquistão
15%
2170 Quirguistão
4%
Nenhum quiz correspondente encontrado
Distribuição das Pontuações
Porcentagem de Pessoas com Cada Pontuação
Percentil de Números Respondidos
Sua Pontuação Histórica
Você não jogou esse quiz